Loading...
| Fine Arts - Classical Music | 0 | 4 | 1 | 0 | 35 | 32 | 57.75 | 2 | 4 | 18.86 | 37.78 |
| Literature - British | 0 | 3 | 1 | 0 | 25 | 33 | 80.33 | 1 | 3 | 9.68 | 25.56 |
| Painting/Sculpture | 0 | 2 | 0 | 0 | 20 | 83 | 86.50 | 0 | 1 | 4.30 | 13.33 |
| Science - Physics | 0 | 2 | 0 | 0 | 20 | 84 | 90.50 | 0 | 0 | 2.01 | 6.67 |
| Science - Chemistry | 0 | 2 | 1 | 1 | 15 | 45 | 75.50 | 1 | 2 | 5.45 | 17.78 |
| History - World | 0 | 1 | 0 | 0 | 10 | 65 | 65.00 | 0 | 1 | 3.63 | 4.44 |
| Pop Culture | 0 | 1 | 0 | 0 | 10 | 25 | 25.00 | 0 | 1 | 15.33 | 13.33 |
| Religion | 0 | 1 | 0 | 0 | 10 | 47 | 47.00 | 0 | 1 | 5.65 | 6.67 |
| Science - Other | 0 | 1 | 0 | 1 | 10 | 98 | 98.00 | 0 | 0 | 0.75 | 2.22 |
| Social Science | 0 | 1 | 0 | 0 | 10 | 96 | 96.00 | 0 | 0 | 0.85 | 8.33 |
| Mythology | 0 | 1 | 0 | 0 | 10 | 82 | 82.00 | 0 | 0 | 2.26 | 2.22 |
| Fine Arts - Other | 0 | 1 | 0 | 0 | 10 | 69 | 69.00 | 0 | 1 | 3.67 | 8.89 |
| Philosophy | 0 | 1 | 0 | 0 | 10 | 59 | 59.00 | 1 | 1 | 6.33 | 14.29 |
| Literature - European | 0 | 1 | 1 | 0 | 5 | 68 | 68.00 | 0 | 1 | 4.56 | 8.75 |
| Science - Biology | 0 | 1 | 1 | 1 | 5 | 75 | 75.00 | 0 | 0 | 1.94 | 4.44 |
| Literature - World | 0 | 0 | 1 | 0 | -5 | 0.00 | 0 | 0 | 0.00 | 0.00 | |
| Literature - American | 0 | 0 | 2 | 0 | -10 | 0.00 | 0 | 0 | 0.00 | 0.00 |